| 000 | 00751nam a2200229 i 4500 | ||
|---|---|---|---|
| 001 | 8411 | ||
| 003 | ES-MaACL | ||
| 005 | 20240202145207.0 | ||
| 007 | t| | ||
| 008 | 920616s1991 sp ||||1| spa d | ||
| 020 | _a84-397-1792-X | ||
| 080 | _a7(46)"19"(03) | ||
| 245 | 0 | 0 |
_aEnciclopedia del arte español del siglo XX / _cdirigida por Francisco Calvo Serraller. |
| 260 |
_aMadrid : _bMondadori, _cD.L. 1991. |
||
| 300 |
_a2 v. ; _c23 cm. |
||
| 505 | 8 | _a1. : Artistas.-- 2. : El contexto | |
| 650 | 4 |
_aArte español- _yS.XX- _vEnciclopedias. _910204 |
|
| 700 |
_aCalvo Serraller, Francisco, _d1948-2018 _9235031 |
||
| 852 |
_aES-MaACL _jL-15840-41 _bR.120390 |
||
| 852 |
_aES-MaACL _jL-15838-39 _bR.120458 |
||
| 999 |
_c8411 _d8411 |
||